| 000 | 01307nam a22003497a 4500 | ||
|---|---|---|---|
| 003 | CHAP | ||
| 005 | 20220329133353.0 | ||
| 008 | 971013s1991 mx a r 00010 spa d | ||
| 010 | _a5564 | ||
| 011 | _a6536 | ||
| 035 | _a5756 | ||
| 040 | _cCHAP | ||
| 090 | _aTesis | ||
| 100 | 0 | 0 |
_aReyes Martínez, Amelia. _996895 |
| 245 | 1 | 0 |
_aAdaptabilidad de un cultivo rentable a las condiciones de salinidad existentes en la zona de Desemboque, ubicada dentro del Valle de Coyote-Costa en Caborca, Son. _c/por Amelia Reyes Martínez |
| 260 |
_aMéxico, D.F. : _bEl Autor, _c1991 |
||
| 300 |
_a161 h. : _bilus., gráfs. |
||
| 500 | _a58-103 | ||
| 502 | _aTesis (Lic. en Planificación para el Desarrollo Agropecuario) -- UNAM. Escuela Nacional de Estudios Profesionales en Aragón | ||
| 590 |
_aALEPH _b10 _c20130110 _lUCH01 _h1216 |
||
| 590 |
_aBATCH-UPD _b10 _c20130110 _lUCH01 _h0237 |
||
| 590 |
_aBATCH-UPD _b10 _c20130110 _lUCH01 _h1844 |
||
| 590 |
_aBATCH-UPD _b10 _c20130410 _lUCH01 _h1215 |
||
| 590 |
_aBATCH-UPD _b10 _c20130914 _lUCH01 _h1856 |
||
| 590 |
_aCONVERSION _b10 _c20130109 _lUCH01 _h1304 |
||
| 650 | 1 | 4 |
_aPalma datilera. _984943 |
| 650 | 1 | 4 |
_aSuelos salinos. _9110558 |
| 650 | 1 | 4 |
_aSuelos _xRegiones áridas. _9110475 |
| 901 | _aBK | ||
| 942 | _cTESIS | ||
| 949 |
_bBC _cTES _d-15351 _eTS1 _h24745 _i5756 _si |
||
| 999 |
_c5564 _d5564 |
||